| 000 | 00434cam a2200181ua 4500 | ||
|---|---|---|---|
| 020 | _c11.00 | ||
| 041 |
_ahin _h |
||
| 082 |
_a891.54 _bSUM/PA |
||
| 100 | _aSumitranandan Pant, . | ||
| 245 |
_aPallavini / _cSumitranadan pant. _hTextual Documents |
||
| 250 |
_a4 / _b. |
||
| 260 |
_aDelhi : _bRajkamal Prakash , _c1962. |
||
| 300 | _a336 ; . | ||
| 365 | _a11.00 | ||
| 504 | _a | ||
| 942 | _cBK | ||
| 999 |
_c6460 _d6460 |
||